| 000 | 00539nam a22001817a 4500 | ||
|---|---|---|---|
| 005 | 20251108170132.0 | ||
| 008 | 250721s1985 xx 000 0 ara d | ||
| 082 | 1 | 4 | _aط/ق/احم |
| 100 | 1 | _aبهجت، أحمد | |
| 245 | 1 | 0 | _aحوار بين طفل ساذج وقط مثقف / |
| 264 | 1 |
_aالقاهرة : _bمركز الاهرام للترجمة، _c1985. |
|
| 300 | _a119ص | ||
| 650 | 1 | 7 | _aالقصص العربية |
| 650 | 1 | 7 | _aالأدب العربي |
| 650 | 1 | 7 | _aأدب الأطفال |
| 942 |
_2ddc _cBK |
||
| 999 |
_c40592 _d40592 |
||